Sinh lí học vật nuôi

保存先:
書誌詳細
第一著者: Nguyễn, Quang Mai
その他の著者: Cù, Xuân Dần
フォーマット: 図書
言語:Undetermined
出版事項: H, ĐHSP 2003
主題:
オンライン・アクセス:http://lrc.tdmu.edu.vn/opac/search/detail.asp?aID=2&ID=5573
タグ: タグ追加
タグなし, このレコードへの初めてのタグを付けませんか!
Thư viện lưu trữ: Trung tâm Học liệu Trường Đại học Thủ Dầu Một
LEADER 00630nam a2200205Ia 4500
001 TDMU_5573
008 210410s9999 xx 000 0 und d
082 |a 636.089 
090 |b NG525 
100 |a Nguyễn, Quang Mai 
245 0 |a Sinh lí học vật nuôi 
245 0 |c Nguyễn Quang Mai 
260 |a H, 
260 |b ĐHSP 
260 |c 2003 
300 |a 287tr. 
650 |a Động vật nuôi  |x Sinh lý; Khoa học thú y 
700 |a Cù, Xuân Dần 
856 |u http://lrc.tdmu.edu.vn/opac/search/detail.asp?aID=2&ID=5573 
980 |a Trung tâm Học liệu Trường Đại học Thủ Dầu Một